Địa lý Đông Nam Á : (Những vấn đề kinh tế - Xã hội)

محفوظ في:
التفاصيل البيبلوغرافية
المؤلف الرئيسي: Phan, Huy Xu
التنسيق: كتاب
اللغة:Undetermined
منشور في: Hà Nội Giáo dục 2005
الموضوعات:
الوسوم: إضافة وسم
لا توجد وسوم, كن أول من يضع وسما على هذه التسجيلة!
Thư viện lưu trữ: Trung tâm Học liệu Trường Đại học Cần Thơ
LEADER 00617nam a2200217Ia 4500
001 CTU_96977
008 210402s9999 xx 000 0 und d
020 |c 12600 
082 |a 330.95 
082 |b X500 
100 |a Phan, Huy Xu 
245 0 |a Địa lý Đông Nam Á : 
245 0 |b (Những vấn đề kinh tế - Xã hội) 
245 0 |c Phan Huy Xu, Mai Phú Thanh 
260 |a Hà Nội 
260 |b Giáo dục 
260 |c 2005 
650 |a Asia, Southeastern 
650 |x Socioeconomic conditions 
904 |i Minh 
980 |a Trung tâm Học liệu Trường Đại học Cần Thơ